Statistiques concernant Football - Anciens joueurs de Manchester City (moins de 60 matchs)

Cliquez ici pour prendre le quiz!

Statistiques générales

  • Ce quiz a été pris 152 fois
  • Le résultat moyen est 7 sur 11

Statistiques - réponses

Nationalité - Dernier clubSaisonsPosteRéponse% Correct
Allemagne - Salernitana2010 - 2011DéfenseurJérôme Boateng
92%
Espagne - FC Barcelone2020 - 2022AttaquantFerran Torres
86%
Montenegro - Atletico Madrid2011 - 2012DéfenseurStefan Savić
84%
Espagne - Real Madrid2016 - 2019MilieuBrahim Díaz
70%
Espagne - FC Barcelone2018 - 2021DéfenseurEric García
67%
Togo - Club Olimpia (retraité)2009 - 2011AttaquantEmmanuel Adebayor
63%
Montenegro - Olympiakos2013 - 2015AttaquantStevan Jovetić
59%
Portugal - SC Braga2013 - 2014MilieuRony Lopes
52%
Espagne - Real Valladolid2013 - 2014AttaquantÁlvaro Negredo
48%
Argentine - Southampton (retraité)2014 - 2017GardienWilly Caballero
46%
Espagne - RB Leipzig2019 - 2020DéfenseurAngeliño
42%

Distribution des résultats

Percentile par nombre de réponses

% des personnes avec chaque résultat

Votre développement - résultats

Vous n’avez pas pris ce quiz